The Summer I Turned Pretty : Personnages - Statistiques

Statistiques générales
  • Ce quiz a été pris 71 fois
  • Le résultat moyen est 9 sur 18
Statistiques - réponses
Answers Hint % Correct
Conrad s1-s3
100%
Belly s1-s3
98%
Jeremiah s1-s3
93%
Steven s1-s3
90%
Taylor s1-s3
87%
Cam s1-s2
60%
Susannah s1-s3
58%
Laurel s1-s2
55%
Adam s1-s3
42%
Skye s2
35%
Denise s3
32%
John s1-s3
30%
Nicole s1-s2
28%
Shayla s1
27%
Anika s3
18%
Julia s2
17%
Agnes s3
13%
Lucinda s3
13%
Aucun quiz correspondant
Distribution des résultats
% des personnes avec chaque résultat
Percentile par nombre de réponses
Votre historique - résultats
Vous n’avez pas pris ce quiz